000 00938nas a2200289 4500
001 BR2012000655
003 BR-BrBNA
005 20231205120049.0
007 ta
008 230509b bl.|||p| |||| 00| 00por d
040 _aBR-BrBNA
_bpor
_cBiblioteca Nacional de Agricultura
041 _a(Pt)
072 _aL20; L01
100 1 _aNääs, I.A.
100 1 _aMiragliotta, M.Y.
100 1 _aBaracho, M.S.
100 1 _aMoura, D.J.
100 1 _aSalgado, D.D.
245 1 _aQualidade da cama de frango em aviário convencional e em tipo túnel
246 1 _aBedding quality on conventional and tunnel ventilation broiler's housing
650 _aCAMA DE GALINHEIRO
650 _aQUALIDADE
650 _aAVICULTURA
773 0 _tRevista Brasileira de Engenharia de Biossistemas (Brazil)
_xISSN 1981-7061
_g(May-Aug 2007), v.1(2) p. 103-115
_wBR2012000655
909 _a202311
_bLúcia
_c55
_dLúcia Elande
942 _2AGRIS
_n0
_cANA
999 _c216900
_d216900